Statistics for Alan's just for fun general knowledge quiz 2

Click here to take the quiz!

General Stats

  • This quiz has been taken 16 times
  • The average score is 6 of 15

Answer Stats

HintAnswer% Correct
What company is also the name of one of the longest rivers in the world?Amazon
79%
How many bones are in the human body?206
57%
Who discovered penicillin?Alexander Fleming
57%
What is the highest mountain in Britain?Ben Nevis
57%
What country has won the most world cups?Brazil
50%
What does a Geiger counter measure?radiation
50%
What is the most consumed manufactured drink in the world?tea
50%
How many pounds are in a stone?14
36%
What is the capital of Australia?Canberra
36%
What vitamin are leafy green vegetables rich in?k
36%
What was the name of the head teacher in Roald Dahl's Matilda?Miss Trunchbull
29%
Which of Shakespeare's plays is the longest?Hamlet
21%
Which character speaks the first line in the original 1977 star wars movie?C3P0
14%
What is the highest grossing Marvel movie without the word "Avengers" in the title?Black panther
7%
Vanilla comes from which flower?orchids
0%

Score Distribution

Percentile by Number Answered

Percent of People with Each Score

Your Score History

You have not taken this quiz